Estudios de historia del pensamiento español.
Furkejuvvon:
| Váldodahkki: | |
|---|---|
| Materiálatiipa: | Girji |
| Almmustuhtton: |
Madrid, España:
Ediciones Cultura Hispánica,
1984.
|
| Preanttus: | Segunda edición ampliada. |
| Fáttát: | |
| Fáddágilkorat: |
Lasit fáddágilkoriid
Eai fáddágilkorat, Lasit vuosttaš fáddágilkora!
|
MARC
| LEADER | 00000nam a22000007a 4500 | ||
|---|---|---|---|
| 003 | CL-VaPUC | ||
| 005 | 20220822114729.0 | ||
| 008 | 220726t1984 ||||| |||| 00| 0 eng d | ||
| 999 | |c 437597 |d 437595 | ||
| 040 | |c Pontificia Universidad Católica de Valparaíso | ||
| 082 | 0 | 4 | |a 196.1 MAR 1984 |2 21 |
| 100 | |a Maravall, José Antonio |e autor |9 527688 | ||
| 245 | 1 | 0 | |a Estudios de historia del pensamiento español. |
| 250 | |a Segunda edición ampliada. | ||
| 260 | |a Madrid, España: |b Ediciones Cultura Hispánica, |c 1984. | ||
| 300 | |a Series | ||
| 500 | |a Series 2 y 3- c.1 Donación Familia Prof. Alejandro Guzmán Brito. | ||
| 505 | |a Serie segunda. La época del Renacimiento. Serie tercera. El siglo del Barroco. | ||
| 583 | |a last modification |c 19890522 00:00:00 |k Cristina María Rojas Aguilar | ||
| 650 | 0 | |a Filosofía española |9 254895 | |
| 650 | 0 | |a Filosofía medieval |z España |9 256245 | |
| 650 | 0 | |a Vida intelectual |z España |9 265379 | |
| 942 | |c BK |2 ddc |n 0 | ||
| 952 | |0 0 |1 0 |2 ddc |4 0 |6 196_100000000000000_MAR_1984 |7 0 |8 C_AGB |9 585378 |a BIBDER |b BIBDER |d 2022-07-26 |e Donación |h s.2 |i 5653435 |o 196.1 MAR 1984 |p 5653435 |r 2023-01-25 |t 1 |w 2022-07-26 |y BK_US |k AGB | ||
| 952 | |0 0 |1 0 |2 ddc |4 0 |6 196_100000000000000_MAR_1984 |7 0 |8 C_AGB |9 585379 |a BIBDER |b BIBDER |d 2022-07-26 |e Donación |h s.3 |i 5653436 |o 196.1 MAR 1984 |p 5653436 |r 2023-01-25 |t 1 |w 2022-07-26 |y BK_US |k AGB | ||